000 00764nam a2200217Ia 4500
003 GCL
008 140319s9999 xx 000 0 ara d
020 _a4197801977
040 _aGCL /
_cGCL
082 0 4 _a103
_bع م
100 1 _aعبدالامير الاعسم
245 1 0 _aالمصطلح الفلسفى عند العرب :
_bنصوص من التراث تافلسفى فى حدود الاشياء ورسومها /
_cعبدالامير الاعسم
260 _aالقاهرة :
_bالهيئة المصرية العامة للكتاب ،
_c1989
300 _a531 ص ؛
_c24 سم
490 _a
650 0 4 _aالفلسفة
650 0 4 _aالفلاسفة
650 0 4 _aالفلاسفة العرب
650 0 4 _aعلم الكلام
942 _2ddc
_cBK
999 _c28056
_d28056